000 00974nam a2200289 a 4500
001 5421
003 BD-RjUL
005 20211208234049.0
008 131226r19701960nyua b 000 0 eng
035 _a(BD-RjUL)5457
040 _aDLC
_cDLC
_dUKM
_dOCLCQ
_dMYG
_dBD-RjUL
_beng
041 _aeng
082 0 0 _a641.3
_223
_bMEF 1970
100 1 _aMeyer, Lillian Hoagland,
_d1910-1986.
_917024
245 1 0 _aFood chemistry /
_cLillian Hoagland Meyer.
250 _aModern Asia ed.
260 _aNew York :
_bReinhold Pub. Corp.
_cc1960 [Printing 1970].
300 _axiv, 385 p. :
_bill. ;
_c24 cm.
490 1 _aReinhold organic chemistry and biochemistry textbook series
504 _aIncludes bibliographical references.
650 0 _aFood
_xComposition.
_917025
650 0 _aFood
_xAnalysis.
_9222291
650 0 _aFood technology.
_9222292
830 0 _aReinhold organic chemistry and biochemistry textbook series.
_9222293
942 _2ddc
_cBK
999 _c5421
_d5421